000 00817cgm a2200277 4500
001 E2516
008 090401t1996 xxu||||| |||| 00| 0 eng d
035 _a(Sirsi) u39728
041 _aeng
050 _a336.271
100 _aHamilton, P.
245 _aVAT and the property industry No. 4 (sound recording).
250 _a4th.
260 _aLondon
_bRICS
_c1996
300 _a1 sound cassette (60 min.)
350 _a11.06
490 _aOwlion Audio Programme
520 _aThis programme explains the principle and operation of VAT with appropriate examples illustrates how VAT is applied to the world of property.
650 _aAUDIO CASSETTES
650 _aPROPERTY INDUSTRY
650 _aVALUE ADDED TAX
690 _aTAXATION
700 _aJohnson, Tony
942 _n0
948 _c04/03/1997
999 _c85233
_d85233